Sports Quiz

Random Sports Quiz

Former NRL players in Super League Quiz Stats

 Plays Quiz not verified by Sporcle

Also try: NFL Closest Team
Challenge
Share
Tweet
Score 0/12 Timer 05:00
0 Plays Today
% Correct
Greg Bird
75%
Jacob Miller
54.1%
Weller Hauraki
50.5%
Ryan Morgan
42.3%
Ben Roberts
40.8%
Joel Moon
38.3%
Ben Murdoch-Masila
28.1%
Fetuli Talanoa
25.5%
Rhys Hanbury
20.9%
Ukuma Ta'ai
17.9%
Maurice Blair
12.8%
Taulima Tautai
12.2%

You're not logged in!

Compare scores with friends on all Sporcle quizzes.
OR
Log In

You Might Also Like...

Show Comments

Extras

Created Mar 7, 2018ReportNominate
Tags:former, league, nrl, player, Super League

Top Quizzes Today


Score Distribution

Your Account Isn't Verified!

In order to create a playlist on Sporcle, you need to verify the email address you used during registration. Go to your Sporcle Settings to finish the process.

Report this User

Report this user for behavior that violates our Community Guidelines.

Details: